Stanovenie všeobecnej hodnoty vybraného predmetu priemyselného vlastníctva diplomová práca

Enregistré dans:
Détails bibliographiques
Auteur principal: Fáberová, Dominika
Collectivité auteur: Fakulta podnikového manažmentu EU. Katedra podnikových financií
Autres auteurs: Smorada, Marián, 1984-
Format: Livre
Langue:slovaque
Publié: Bratislava 2022
Tags: Ajouter un tag
Pas de tags, Soyez le premier à ajouter un tag!

MARC

LEADER 00000nbm a2200000 4500
001 0285324
005 20230223150405.8
041 0 |a slo 
044 |a SK 
245 1 0 |a Stanovenie všeobecnej hodnoty vybraného predmetu priemyselného vlastníctva  |b diplomová práca  |c Dominika Fáberová ; školiteľ: Marián Smorada 
264 1 |a Bratislava  |c 2022 
300 |a 75 s. 
100 1 |a Fáberová, Dominika 
700 1 |a Smorada, Marián, 1984- 
710 2 |a Fakulta podnikového manažmentu EU. Katedra podnikových financií